Nyugdíjcélú öngondoskodás előtérbe kerülése Magyarországon a demográfiai változások hatására

Bibliográfiai részletek
Szerző: Keserű Gabriella Viktória
További közreműködők: Kása Dr. Richárd
Dokumentumtípus: Diplomadolgozat
Kulcsszavak:öngondoskodás
nyugdíjcélú
demográfia
Online Access:http://dolgozattar.uni-bge.hu/11212

MARC

LEADER 00000nta a2200000 i 4500
001 dolg11212
005 20170515153944.0
008 170515suuuu hu om 000 hun d
040 |a BGE Dolgozattár Repozitórium  |b hun 
041 |a hu 
100 1 |a Keserű Gabriella Viktória 
245 1 0 |a Nyugdíjcélú öngondoskodás előtérbe kerülése Magyarországon a demográfiai változások hatására  |c Keserű Gabriella Viktória  |h [elektronikus dokumentum] 
246 1 1 |a Nyugdíjcélú öngondoskodás előtérbe kerülése Magyarországon a demográfiai változások hatására 
695 |a öngondoskodás 
695 |a nyugdíjcélú 
695 |a demográfia 
700 1 |a Kása Dr. Richárd  |e ths 
856 4 0 |u http://dolgozattar.uni-bge.hu/11212/1/Szakdolgozat.pdf  |z Dokumentum-elérés